| 000 | 00613nam a22001937a 4500 | ||
|---|---|---|---|
| 003 | NUST | ||
| 005 | 20220412134429.0 | ||
| 038 | _aWaseem | ||
| 082 |
_a613.7 _bWAH |
||
| 100 |
_aMughal, Wahid _917062 |
||
| 245 |
_aA Guide on Sports & Physical Education / _cWahid Mughal |
||
| 260 |
_aRawalpindi : _bTahir Printing Press, _c2009. |
||
| 300 | _a592 p. ; | ||
| 500 | _aHardcover. | ||
| 563 | _aH.B | ||
| 880 |
_6100-01\r _aوحید مغل |
||
| 880 |
_6245-02\r _aرہنماے کھیل و جسمانی تعلیم / |
||
| 942 |
_2ddc _cBK |
||
| 999 |
_c526098 _d526098 |
||